Top 50 LEAST Corrupted Countries - Statistics

General Stats
  • This quiz has been taken 1,219 times
  • The average score is 23 of 50
Answer Stats
# First
Letter
Answer Corruption
Index
% Correct
1 D Denmark 88
99%
3 S Sweden 85
88%
6 F Finland 85
83%
4 S Switzerland 85
79%
7 N Norway 84
78%
11 U United Kingdom 77
78%
9 G Germany 80
76%
12 C Canada 77
73%
10 L Luxembourg 80
73%
8 N Netherlands 82
72%
14 B Belgium 76
71%
18 J Japan 74
71%
22 F France 69
70%
13 A Australia 77
69%
17 I Iceland 75
69%
2 N New Zealand 88
67%
29 Q Qatar 63
67%
16 E Estonia 75
66%
19 I Ireland 72
66%
15 A Austria 76
65%
24 U United States 67
62%
20 U United Arab Emirates 71
59%
5 S Singapore 85
53%
21 U Uruguay 71
52%
48 O Oman 54
49%
33 P Portugal 61
44%
36 L Lithuania 60
37%
49 I Italy 53
36%
31 S Spain 62
36%
41 L Latvia 57
33%
43 P Poland 56
32%
34 I Israel 60
31%
27 T Taiwan 65
29%
25 C Chile 67
28%
32 S South Korea 61
26%
37 S Slovenia 60
22%
23 B Bhutan 68
21%
46 D Dominica 55
21%
47 R Rwanda 54
21%
44 G Georgia 56
16%
30 B Bahamas 63
14%
28 B Barbados 64
14%
40 C Costa Rica 57
10%
38 B Brunei 60
9%
42 C Cyprus 57
9%
26 S Seychelles 66
9%
35 B Botswana 60
8%
50 S Saudi Arabia 53
8%
45 S Saint Lucia 56
7%
39 S Saint Vincent and the Grenadines 59
6%
No matching quizzes found
Score Distribution
Percent of People with Each Score
Percentile by Number Answered
Your Score History
You have not taken this quiz